00467nam a2200193 a 4500001001300000003000900013005001700022008004100039020001000080082001600090100001800106245002000124260001900144300000900163500003500172505002900207650001900236700001800255nice12345678IN_TiNIC20260116011353.0050524s1907 kana grp 000 0 per  ac10000a492.75bMAG aMaghfoor, M H aFosool-E-Akbari aKanpurbc1907 a140p aincludes index and biblioraphy2 aFour Parts Boun Together aArabic-Grammar1 aMaghfoor, M H